000 00671nam a2200181Ia 4500
008 090124s9999 xx 000 0 und d
082 _b11340
_a2728
100 _aकाळे व.पु. (वसंत पुरुषोत्तम)
245 _a लोंबकळणारी माणसे
250 _a1
260 _c1960
300 _a128
600 _aकाळे व.पु. (वसंत पुरुषोत्तम)
630 _a लोंबकळणारी माणसे
700 _aकाळे व.पु. (वसंत पुरुषोत्तम)
730 _a लोंबकळणारी माणसे
942 _cBOOK
999 _c122832
_d122832